Estatísticas para Países que contêm uma letra - H

Clique aqui para jogar o quiz

Estatísticas Gerais

  • Esse quiz foi jogado 76 vezes
  • A pontuação média é 11 de 18

Estatísticas das Respostas

CategoriaPaís% Correto
1 x HChina
87%
1 x HHonduras
87%
1 x HHaiti
83%
1 x HChile
79%
1 x HHungria
75%
1 x HChade
69%
1 x HChipre
63%
1 x HAlemanha
60%
1 x HBangladesh
56%
1 x HBósnia e Herzegovina
54%
1 x HEspanha
54%
2 x HIlhas Marshall
54%
1 x HBahamas
50%
1 x HBahrein
50%
1 x HIlhas Salomão
48%
1 x HLiechtenstein
44%
1 x HSeychelles
40%
1 x HRepública Checa
38%

Distribuição das Pontuações

Percentil de Números Respondidos

Porcentagem de Pessoas com Cada Pontuação

Sua Pontuação Histórica

Você não jogou esse quiz